ნორმალური ფორმატი
MARC ფორმატი
ჩანაწერი Personal Name
ჩანაწერთა რაოდენობა, რომელიც გამოყენებულია: 2
001 - CONTROL NUMBER
- control field: 5948
003 - CONTROL NUMBER IDENTIFIER
- control field: GE_BSU
005 - DATE AND TIME OF LATEST TRANSACTION
- control field: 20191224123124.0
008 - FIXED-LENGTH DATA ELEMENTS
- fixed length control field: 191224|| aca||aabn | a|a d
040 ## - CATALOGING SOURCE
- Original cataloging agency: GE_BSU
- Transcribing agency: GE_BSU
100 ## - HEADING--PERSONAL NAME
- Personal name: ბარამიძე, ი.
- Relator term: სამეცნ. ხელმძღვანელი
670 ## - SOURCE DATA FOUND
- Source citation: Work cat.: (GE_BSU): ბერიძე, ჯემალ 2734, საქართველო-თურქეთის სოციალურ-პოლიტიკური და კულტურულ-ეკონომიკური ურთიერთობები თანამედროვე ეტაპზე (1992-2012 წწ.) :
